Statistiken für Zahlen 1-10 in 3 Sprachen

Klicken Sie hier um das Quiz zu spielen!

Allgemein

  • Dieses Quiz wurde 379 mal gespielt
  • Das Durchschnittsergebnis liegt bei 26 aus 30

Antwortstatistiken

ZahlDeutsch% Korrekt
3drei
99%
1eins
99%
5fünf
99%
2zwei
99%
8acht
98%
7sieben
98%
4vier
98%
9neun
97%
6sechs
97%
10zehn
97%
1one
96%
2two
96%
5five
95%
7seven
95%
6six
95%
10ten
95%
3three
95%
1uno
95%
8eight
94%
9nine
94%
4four
93%
3tres
91%
2dos
87%
6seis
65%
5cinco
61%
4cuatro
61%
8ocho
61%
7siete
57%
9nueve
55%
10diez
48%

Verteilung der Resultate

Perzentil nach korrekt beantworteten Fragen

Anzahl Personen mit jedem Resultat

Ihre Resultats-Entwicklung

Sie haben dieses Quiz noch nicht gespielt